| 000 | 00442nam a22001697a 4500 | ||
|---|---|---|---|
| 003 | CEME | ||
| 005 | 20210628205206.0 | ||
| 008 | 210211b xxu||||| |||| 00| 0 eng d | ||
| 020 | _a0-521-58834-0 | ||
| 040 | _c. | ||
| 082 | _a510 BRA'F | ||
| 100 |
_aBraess, D _974353 |
||
| 245 | _aFinite elements theory fast solvers and application in solid mechanics | ||
| 260 |
_aUK _bCAMBRIDGE PRESS _c1997 |
||
| 300 | _aXVI, 323P | ||
| 942 |
_cBK _2ddc |
||
| 999 |
_c579892 _d579892 |
||